LEADER 02707cam0-22009011i-450- 001 990001348780403321 005 20141024155443.0 035 $a000134878 035 $aFED01000134878 035 $a(Aleph)000134878FED01 035 $a000134878 100 $a20001205g19301958km-y0itay50------ba 101 0 $aita 102 $aIT 105 $ay---f---001yy 200 1 $aEnciclopedia delle matematiche elementari$fa cura di L. Berzolari, G. Vivanti, D. Gigli$g[poi] a cura di Luigi Berzolari 210 $aMilano$cHoepli$d1930-1958 215 $a5 v. in 7$d25 cm 512 1 $aEnciclopedia delle matematiche elementari e complementi 610 0 $aMatematica$aEnciclopedie 610 0 $aOpere di matematica generale 610 0 $aOpera di Bourbaki 676 $a510 676 $a519 676 $a516 702 1$aBerzolari,$bLuigi$f<1863-1949> 702 1$aVivanti,$bGiulio$f<1859-1949> 702 1$aGigli,$bDuilio$f<1878-1933> 801 0$aIT$bUNINA$gRICA$2UNIMARC 901 $aBK 912 $a990001348780403321 952 $aMXXIX-A-239$b22244e$fMAS 952 $aMXXIX-A-240$b1039$fMAS 952 $aMXXIX-A-241$b3955$fMAS 952 $aMXXIX-A-193$b22244c$fMAS 952 $aMXXIX-A-245$b22244d$fMAS 952 $aBF-00-0002(1-2$fMA1 952 $aBF-00-0002(2-1$fMA1 952 $aBF-00-0002(1-1$fMA1 952 $aBF-00-0002(2-2$fMA1 952 $aBF-00-0002(3-3$fMA1 952 $aBF-00-0002(3-1$fMA1 952 $aBF-00-0002(3-2$fMA1 952 $aBF-00-0001(3-1$fMA1 952 $aBF-00-0001(3-2$fMA1 952 $aBF-00-0001(3-3$fMA1 952 $a05 PH 1 16ABC$b565-570$fDININ 952 $a13 K 02 29$b29364$fFINBC 952 $a13 K 02 28$b29363$fFINBC 952 $a13-039$fFI1 952 $a13 K 02 27$b29362$fFINBC 952 $a13 K 02 26$b29361$fFINBC 952 $a13 K 02 16$b8074$fFINBC 952 $a13 K 02 25$b29360$fFINBC 952 $aBF-00-0003(1-1$b2808$fMA1 952 $aBF-00-0003(1-2$b2808$fMA1 952 $aBF-00-0001(1-2$fMA1 952 $aBF-00-0001(1-1$fMA1 952 $aBF-00-0001(2-1$fMA1 952 $aBF-00-0001(2-2$fMA1 952 $a07 L-12AG$b2893$fDINSC 952 $a13-039.00A$bF.D.436$fFI1 952 $a13-039.00B$bF.D. 437$fFI1 952 $a13-039.001$b23486$fFI1 952 $a13-039.002$b23487$fFI1 952 $a13-039.003$b23488$fFI1 952 $a13-039.004$b23489$fFI1 952 $a13-039.005$b23490$fFI1 959 $aMA1 959 $aDININ 959 $aMAS 959 $aFINBC 959 $aFI1 959 $aDINSC 962 $a00A20 962 $a00-00 996 $aEnciclopedia delle matematiche elementari$978317 997 $aUNINA LEADER 01225nam 2200349Ia 450 001 996386340403316 005 20221108102652.0 035 $a(CKB)4940000000077649 035 $a(EEBO)2248578034 035 $a(OCoLC)12544652 035 $a(EXLCZ)994940000000077649 100 $a19850913d1655 uy | 101 0 $aeng 135 $aurbn||||a|bb| 200 14$aThe monster of sinful self-seeking, anatomizd$b[electronic resource] $etogether with a description of the heavenly and blessed selfe-seeking : in a sermon preached at Pauls the 10. of December, 1654 /$fby Edm. Calamy, B.D. .. 210 $aLondon $cPrinted by J.G. for Nath. Webb and Will. Grantham ...$d1655 215 $a[7], 34, [1] p 300 $aErrata: p. [1] at end. 300 $aReproduction of original in Union Theological Seminary Library, New York. 300 $aMarginal notes. 330 $aeebo-0160 606 $aSelf-interest$vSermons 615 0$aSelf-interest 700 $aCalamy$b Edmund$f1600-1666.$01002065 801 0$bEAA 801 1$bEAA 801 2$bm/c 801 2$bWaOLN 906 $aBOOK 912 $a996386340403316 996 $aThe monster of sinful self-seeking, anatomizd$92331776 997 $aUNISA LEADER 01024nam a2200253 i 4500 001 991003588859707536 005 20020509124703.0 008 000316s1974 it ||| | ita 035 $ab11183901-39ule_inst 035 $aPARLA184670$9ExL 040 $aDip.to Scienze pedagogiche$bita 082 0 $a372.73044 100 1 $aTozzi Gorini, Maria Grazia$0539629 245 10$aLunghezze pesi capacità nella matematica moderna :$bschede di lavoro per il secondo ciclo della scuola elementare /$cMaria Luisa Tozzi Gorini 260 $aBergamo :$bContinental,$cc1974 300 $a100 p. :$bill. ;$c26 cm. 650 4$aInsegnamento$xScuola elementare 650 4$aMatematica moderna 907 $a.b11183901$b02-04-14$c28-06-02 912 $a991003588859707536 945 $aLE022 372 TOZ01.02$g1$i2022000009867$lle022$o-$pE0.00$q-$rl$s- $t0$u0$v0$w0$x0$y.i11331719$z28-06-02 996 $aLunghezze pesi capacità nella matematica moderna$9869512 997 $aUNISALENTO 998 $ale022$b01-01-00$cm$da $e-$fita$git $h0$i1